Đi từ thỏa hiệp nhân nhượng đến đầu hàng thực dân Pháp - Sự thật bại của chính sách "chủ hòa" của triều đình phong kiến Nguyễn

Quá trình từng bước xâm lược Việt Nam của thực dân Pháp và sự phân hóa trong nội bộ triều đình phong kiến nhà nguyễn. Quá trình từng bước thỏa hiệp nhân nhượng đến đầu hàng thực dân Pháp của triều đình phong kiến Nguyễn

Đã lưu trong:
Chi tiết về thư mục
Tác giả chính: Phạm, Thị Bích
Tác giả khác: Nguyễn, Hữu Giang Th.S (Hướng dẫn)
Định dạng: Sách
Ngôn ngữ:Vietnamese
Được phát hành: Đại học Đà Nẵng Trường đại học Sư Phạm 2011
Loạt:Khóa luận tốt nghiệp đại học. Chuyên ngành: Sư phạm Sử
Những chủ đề:
Các nhãn: Thêm thẻ
Không có thẻ, Là người đầu tiên thẻ bản ghi này!
Thư viện lưu trữ: Mạng thư viện Đại học Đà Nẵng
LEADER 01718nam a2200349 4500
001 000012380
003 8676
005 20120220080218.0
008 120220s2011 viesd
041 |a vie 
072 |a Khóa luận tốt nghiệp 
082 |a 959.703  |b PH-B 
100 |a Phạm, Thị Bích 
245 |a Đi từ thỏa hiệp nhân nhượng đến đầu hàng thực dân Pháp - Sự thật bại của chính sách "chủ hòa" của triều đình phong kiến Nguyễn  |c Phạm, Thị Bích 
260 |a Đại học Đà Nẵng  |b Trường đại học Sư Phạm  |c 2011 
300 |a 57 tr.  |b hình mhọa  |c 29 cm 
490 |a Khóa luận tốt nghiệp đại học. Chuyên ngành: Sư phạm Sử 
500 |a Tham khảo tr.55 + phụ lục [ 4 tr.] 
520 |a Quá trình từng bước xâm lược Việt Nam của thực dân Pháp và sự phân hóa trong nội bộ triều đình phong kiến nhà nguyễn. Quá trình từng bước thỏa hiệp nhân nhượng đến đầu hàng thực dân Pháp của triều đình phong kiến Nguyễn 
653 |a Khóa luận tốt nghiệp đại học 
653 |a Khoa Lịch Sử 
700 |a Nguyễn, Hữu Giang  |c Th.S  |e Hướng dẫn 
OWN |a LSP 
AVA |a UDN50  |b LSP  |d 959.703 PH-B  |e available  |t Error 5001 Not defined in file expand_doc_bib_avail.  |f 1  |g 0  |h N  |i 0  |k 1 
999 |a From the UDN01 
AVA |a UDN50  |b LSP  |d 959.703 PH-B  |e available  |t Error 5001 Not defined in file expand_doc_bib_avail.  |f 1  |g 0  |h N  |i 0  |k 1 
TYP |a Monograph 
TYP |a Printed language 
980 |a Mạng thư viện Đại học Đà Nẵng